00617 2200253 4500001002100000005001500021035002000036007000300056008004100059082001000100084001600110100002300126245004400149250001100193260003000204300002300234650001200257020002200269990001400291990001400305990001400319990001400333990001600347INLIS00000000000772720260420114104 a0010-0426000038ta260420 | | ind  a636.3 a636.3 SUS a1 aSusilawati, Trinil1 aAgribisnis Kambing /cTrinil Susilawati aCet. 1 aMalang :bUB Press,c2013 a162 hlm ;c23.5 cm 4aKambing a978-602-8960-49-6 a3713/2024 a3712/2024 a3714/2024 a3715/2024 a3712.5/2024